Estudio de prefactibilidad para la instalación de una planta de fabricación comercialización de vino de rosa de Jamaica Marrojo en la ciudad de Mangua
Presenta estudio de prefactibilidad en el cual se recopila la información requerida para el análisis de costo de producción, administrativos, gerenciales y técnicos para la instalación de la planta procesadora de vino en la ciudad de Managua ubicada del MARENA 900 mts. Al este carretera Panamer...
| Main Authors: | , |
|---|---|
| Other Authors: | |
| Format: | Tesis Section = Libro |
| Language: | Undetermined Spanish |
| Published: |
Managua
UNI
2009
|
| Subjects: |
| LEADER | 01475nam a2200277Ia 4500 | ||
|---|---|---|---|
| 008 | 240830s9999 xx 000 0 und d | ||
| 040 | |a BIBLIOTECA-RUPAP Mon 663.2 D671 | ||
| 041 | |a spa | ||
| 082 | |a Mon 663.2 D671 | ||
| 100 | 1 | |a Domínguez Caldera, Lenin Alejandro | |
| 100 | 1 | |b Hernández García, Sandra Elena | |
| 245 | 1 | 0 | |a Estudio de prefactibilidad para la instalación de una planta de fabricación comercialización de vino de rosa de Jamaica Marrojo en la ciudad de Mangua |
| 260 | |a Managua |b UNI |c 2009 | ||
| 300 | |a 337 p. :il. | ||
| 500 | |a Contiene: anexos e Incluye: CD. | ||
| 502 | |a Tesis (Ingeniero Industrial)- UNI, 2009. | ||
| 520 | 3 | |a Presenta estudio de prefactibilidad en el cual se recopila la información requerida para el análisis de costo de producción, administrativos, gerenciales y técnicos para la instalación de la planta procesadora de vino en la ciudad de Managua ubicada del MARENA 900 mts. Al este carretera Panamericana norte. En este proyecto se determina la posibilidad de apertura de una empresa procesadora de Rosa de Jamaica para la obtención de vinos a través de la fermentación. | |
| 650 | 7 | |a VINO FABRICACION | |
| 650 | 7 | |b VINO INDUSTRIA | |
| 650 | 7 | |c VINICULTURA - PLANTA PROCESADORA - ESTUDIO DE PREFACTIBILIDAD | |
| 650 | 7 | |d ESTUDIO DE MERCADO - VINICULTURA | |
| 650 | 7 | |e COSTOS DE PRODUCCION | |
| 700 | 1 | |a Tutor: |b López Guadamuz, Juan José | |
| 942 | |c BK |2 ddc | ||
| 991 | |a TESIS | ||
| 999 | |c 17710 | ||